| 000 | 00525nam a2200193Ia 4500 | ||
|---|---|---|---|
| 005 | 20231213113934.0 | ||
| 008 | 131103s9999 xx 000 0 und d | ||
| 020 | _a1 888777516 | ||
| 040 | _aLoreto College | ||
| 041 | _aEnglish | ||
| 082 |
_a423 _bWEB |
||
| 245 | _aWebster's Pocket Spelling Dictionary of the English Language, | ||
| 250 | _aNew Revised ed. | ||
| 260 |
_a[s.l.] _bTrident Press International _c1998 |
||
| 300 | _a318 p. | ||
| 650 | _aDictionary - English Language | ||
| 850 | _aLCLIB | ||
| 942 | _cBK | ||
| 999 |
_c6931 _d57410 |
||